00614nam a22001932 4500001001100000005001700011008004100028020001700069040001500086100003100101245011500132250001300247260003000260300001700290650004000307650003100347700003900378852000300417000001295720151217152118.0090513s xx 000 0 eng d a0205396771 : aKABUcKABU1 aHalbur, Duane.@000016998810aDeveloping your theoretical orientation in counseling and psychotherapy /cDuane Halbur, Kimberly Vess Halbur. a1st ed. aBoston :bPearson,c2006. axii, 104 p. 0aPsychologyxPhilosophy.@0000169989 0aPsychotherapy.@00000821851 aHalbur, Kimberly Vess.@00001699901